Berdialog dengan Allah di keheningan malam /

Bibliographic Details
Main Author: Khairul Ghazali
Format: Book
Published: Kuala Lumpur: Must Read, c2009.
Subjects:
LEADER 00616cam a2200217 7i4500
001 0000025483
005 20151104090000.0
005 ##20151104131300.0
003 ##MY-KlINT
008 15110430s2009 my may d
020 # # |a 9789834451967  
039 # 9 |y 201511041313  |z VLOAD 
090 0 0 |a E 297.3   |b KHA 
100 1 # |a Khairul Ghazali 
245 1 0 |a Berdialog dengan Allah di keheningan malam /   |c Khairul Ghazali. 
260 # # |a Kuala Lumpur:   |b Must Read,   |c c2009. 
300 # # |a viii, 190ms;   |c 23cm. 
650 # 0 |a Prayer --   |x Islam  
650 # 0 |a Muslims --   |x Conduct of life  
650 # 0 |a Islamic meditations  
650 # 0 |a Worship (Islam)